00855cam a22002294a 4500020003200000020003800032040000800070082002600078100002000104245001600124250001200140260003500152300005000187500002000237650001500257856006200272856005400334856006600388942000700454999001700461952014700478 a0073656011 (acidfree paper) a0071120726 (ISE : acidfree paper) cDLC00a540 HIL 2002 A027 Or.1 aChang, Raymond.10aChemistry / a7th ed. aBoston :bMcGraw-Hill,cc2002. a1 v. (various pagings) :bcol. ill. ;c27 cm. aIncludes index. 0aChemistry.42uhttp://www.loc.gov/catdir/description/mh024/00066845.html41uhttp://www.loc.gov/catdir/toc/mh023/00066845.html42uhttp://www.loc.gov/catdir/enhancements/fy0737/00066845-b.html cEK c13397d13397 0010406540_000000000000000_HIL_2002_A027_OR70964389aLBAbLBAcA027d2017-08-25o540 HIL 2002 A027 Or.pA19082r2017-08-25w2017-08-25yEK